000 00546nam a2200181Ia 4500
008 090124s9999 xx 000 0 und d
082 _b120782
100 _aगोडबोले मंगला.
245 _a कुंपण आणि आकाश
250 _a1
260 _c1985
300 _a112
600 _aगोडबोले मंगला.
630 _a कुंपण आणि आकाश
700 _aगोडबोले मंगला.
730 _a कुंपण आणि आकाश
942 _cBOOK
999 _c166868
_d166868